| 000 | 00000nam##2200000za#4500 |
| 001 | 9.617788 |
| 003 | CaOODSP |
| 005 | 20210615102416 |
| 007 | ta |
| 008 | 150406|2005||||xxc||||| f|0| 0 eng|d |
| 022 | |a0706-6457 |
| 040 | |aCaOODSP|beng |
| 043 | |an-cn--- |
| 086 | 1 |aFs97-6/2593E |
| 110 | 1 |aCanada. |bDepartment of Fisheries and Oceans. |
| 245 | 13|aAn integrated approach to rebuilding Stave River chum using harvest reduction, hatchery augmentation, flow control and habitat improvement / |cby D.D. Bailey, A. Y. Fedorenko, and R. J. Cook. |
| 260 | |aVancouver - British Columbia : |bFisheries and Oceans Canada |c2005. |
| 300 | |avi, 33p. : |bfigs., references, tables ; |c28 cm. |
| 490 | 1 |aCanadian technical report of fisheries and aquatic sciences|x0706-6457|vNo. 2593 |
| 500 | |aOn cover: Fisheries and Oceans Canada, Habitat and Enforcement Branch, 200 - 401 Burrard Street, Vancouver, BC, V6C 3S4. |
| 520 | 3 |aThis report is part of a series containing scientific and technical information that widens existing scientific knowledge but is not considered appropriate for publication in the primary literature. The research covers such subjects as ecosystem models, methods for enhancing aquaculture, commercial fishing equipment, and environmental threats to aquatic quality and fisheries resources. Includes tables, graphs, and charts. |
| 546 | |a(Résumé en français.) |
| 563 | |aSoftcover |
| 590 | |a06-14|b2006-04-07 |
| 690 | 07|aFisheries management|2gcpds |
| 720 | 1 |aBailey, D. D. |
| 720 | 1 |aFedorenko, A. Y. |
| 720 | 1 |aCook, R. J. |
| 776 | 0#|tAn integrated approach to rebuilding Stave River chum using harvest reduction, hatchery augmentation, flow control and habitat improvement / |w(CaOODSP)9.574181 |
| 830 | #0|aCanadian technical report of fisheries and aquatic sciences,|x0706-6457|vNo. 2593|w(CaOODSP)9.514691 |